| Tag |
First Indicator |
Second Indicator |
Subfields |
| LEADER |
00000nam a2200000Ia 4500 |
| 001 |
in00004302421 |
| 005 |
20200810085858.0 |
| 006 |
m g d |
| 007 |
cr bn |||a|bb| |
| 008 |
870714s1670 enka o 00| | eng d |
| 035 |
|
|
|a (OCoLC)16171532
|
| 040 |
|
|
|a EAH
|c EAH
|d WaOLN
|
| 037 |
|
|
|a CL0037000036
|b ProQuest Information and Learning. 300 N. Zeeb Rd., Ann Arbor, MI 48106
|
| 043 |
|
|
|a e-uk-en
|
| 045 |
0 |
|
|b d1670
|
| 090 |
|
|
|a AY751.D68
|b D68 1670
|
| 049 |
|
|
|a EAHA
|
| 100 |
1 |
|
|a Dove, Jonathan.
|
| 245 |
1 |
0 |
|a Dove :
|b speculum anni à partu virginis M.DC.LXX, or, an almanack for the year of our Lord God 1670 : being the second after bissextile or leap-year, and from the worlds creation, 1674 [sic] : calculated properly for the famous university and town of Cambridge ... but may indifferently serve for any other place within this kingdom.
|
| 260 |
|
|
|a Cambridge [Cambridgeshire] :
|b Printed by John Hayes ...,
|c 1670.
|
| 300 |
|
|
|a 1 online resource ([48] pages :
|b illustrations.
|
| 336 |
|
|
|a text
|b txt
|2 rdacontent
|
| 337 |
|
|
|a computer
|b c
|2 rdamedia
|
| 338 |
|
|
|a online resource
|b cr
|2 rdacarrier
|
| 500 |
|
|
|a Part 2 has special t.p.: Dove 1670.
|
| 500 |
|
|
|a Reproduction of original in the Bodleian Library.
|
| 510 |
4 |
|
|a Wing
|c A1616
|
| 533 |
|
|
|a Electronic reproduction.
|b Ann Arbor, Mich. :
|c UMI,
|d 1999-
|f (Early English books online)
|n Digital version of: (Early English books, 1641-1700 ; 1084:13)
|7 s1999 miun s
|
| 650 |
|
0 |
|a Almanacs, English.
|
| 650 |
|
0 |
|a Ephemerides.
|
| 650 |
|
0 |
|a Astrology
|v Early works to 1800.
|
| 740 |
0 |
|
|a Speculum anni à partu virginis M.DC.LXX.
|
| 740 |
0 |
|
|a Almanack for the year of our Lord God 1670.
|
| 740 |
0 |
|
|a Dove 1670.
|
| 830 |
|
0 |
|a Early English books online.
|
| 856 |
4 |
0 |
|u http://proxy.library.tamu.edu/login?url=https://search.proquest.com/docview/2240854120
|z Connect to the full text of this electronic book
|t 0
|
| 999 |
f |
f |
|s 16e19e3d-3a6f-3a75-b150-29f642ecf6df
|i bd94fa73-63a7-3353-9e91-a15ba0e55b34
|t 0
|
| 952 |
f |
f |
|a Texas A&M University
|b College Station
|c Electronic Resources
|d Available Online
|t 0
|e AY751.D68 D68 1670
|h Library of Congress classification
|
| 998 |
f |
f |
|a AY751.D68 D68 1670
|t 0
|l Available Online
|